| Tag |
First Indicator |
Second Indicator |
Subfields |
| LEADER |
00000cam a22000001a 4500 |
| 001 |
in00003167331 |
| 005 |
20190403204212.0 |
| 006 |
m d f |
| 007 |
cr bn mmmapmmp |
| 008 |
090617s1939 dcu o f000 0 eng d |
| 035 |
|
|
|a cis2007413811
|
| 040 |
|
|
|a UMI
|c UMI
|d UtOrBLW
|
| 043 |
|
|
|a n-us---
|
| 086 |
0 |
|
|a Y 4.C 49/1:M 54
|
| 099 |
|
|
|a HRG-1939-CSH-0002
|
| 110 |
1 |
|
|a United States.
|b Congress.
|b House.
|b Committee on the Civil Service.
|
| 245 |
1 |
0 |
|a Merit System and Classification Extension :
|b hearings before the United States House Committee on the Civil Service, Seventy-Sixth Congress, first session, on Mar. 23, 24, 29, Apr. 11, 1939.
|
| 264 |
|
1 |
|a Washington :
|b U.S. G.P.O.,
|c 1939.
|
| 300 |
|
|
|a 1 online resource.
|
| 336 |
|
|
|a text
|b txt
|2 rdacontent
|
| 337 |
|
|
|a computer
|b c
|2 rdamedia
|
| 338 |
|
|
|a online resource
|b cr
|2 rdacarrier
|
| 500 |
|
|
|a Record is based on bibliographic data in ProQuest Congressional Hearings Digital Collection. Reuse except for individual research requires license from ProQuest, LLC.
|
| 520 |
|
|
|a Considers (76) H.R. 960.
|
| 538 |
|
|
|a System requirements: PDF reader software.
|
| 500 |
|
|
|a Electronic resource.
|
| 650 |
|
0 |
|a Civil service positions
|z United States
|v Classification.
|
| 655 |
|
7 |
|a Electronic books.
|2 local
|
| 710 |
2 |
|
|a ProQuest (Firm)
|
| 776 |
0 |
8 |
|i Print version:
|a United States. Congress. House. Committee on the Civil Service.
|t Merit System and Classification Extension
|
| 776 |
0 |
8 |
|i Microfiche version:
|a United States. Congress. House. Committee on the Civil Service.
|t Merit System and Classification Extension.
|d [Bethesda, Md.] : ProQuest,[2004]
|o CIS Hrgs MF Gp 3--(76) H859-2
|w (ProQuest)cis10402253
|
| 830 |
|
0 |
|a U.S. Congressional Hearings.
|
| 856 |
4 |
0 |
|u http://proxy.library.tamu.edu/login?url=http://congressional.proquest.com/congcomp/getdoc?HEARING-ID=HRG-1939-CSH-0002
|z Connect to the full text of this electronic book
|t 0
|
| 998 |
|
|
|a cis10402253
|
| 999 |
|
|
|a MARS
|
| 999 |
f |
f |
|s 202b6fd7-4fd5-3eae-8f34-3d8281379794
|i d0f34a9f-6122-366a-91b5-da9daf4198c8
|t 0
|
| 952 |
f |
f |
|a Texas A&M University
|b College Station
|c Electronic Resources
|d Available Online
|t 0
|e HRG-1939-CSH-0002
|h Other scheme
|
| 998 |
f |
f |
|a HRG-1939-CSH-0002
|t 0
|l Available Online
|